<?xml version="1.0" encoding="UTF-8"?><?xml-stylesheet type="text/xsl" href="static/style.xsl"?><OAI-PMH xmlns="http://www.openarchives.org/OAI/2.0/" xmlns:xsi="http://www.w3.org/2001/XMLSchema-instance" xsi:schemaLocation="http://www.openarchives.org/OAI/2.0/ http://www.openarchives.org/OAI/2.0/OAI-PMH.xsd"><responseDate>2026-06-01T23:36:26Z</responseDate><request verb="GetRecord" identifier="oai:riuma.uma.es:10630/4637" metadataPrefix="marc">https://riuma.uma.es/rest/oai/request</request><GetRecord><record><header><identifier>oai:riuma.uma.es:10630/4637</identifier><datestamp>2026-02-03T12:43:20Z</datestamp><setSpec>com_10630_2254</setSpec><setSpec>col_10630_37957</setSpec></header><metadata><record xmlns="http://www.loc.gov/MARC21/slim" xmlns:dcterms="http://purl.org/dc/terms/" xmlns:doc="http://www.lyncode.com/xoai" xmlns:xsi="http://www.w3.org/2001/XMLSchema-instance" xsi:schemaLocation="http://www.loc.gov/MARC21/slim http://www.loc.gov/standards/marcxml/schema/MARC21slim.xsd">
   <leader>00925njm 22002777a 4500</leader>
   <datafield ind2=" " ind1=" " tag="042">
      <subfield code="a">dc</subfield>
   </datafield>
   <datafield ind2=" " ind1=" " tag="720">
      <subfield code="a">Martín-Sedeño, María del Carmen</subfield>
      <subfield code="e">author</subfield>
   </datafield>
   <datafield ind2=" " ind1=" " tag="260">
      <subfield code="c">2006</subfield>
   </datafield>
   <datafield ind2=" " ind1=" " tag="520">
      <subfield code="a">El trabajo de investigación se ha centrado en el estudio (preparación y caracterización estructural y eléctrica) de las oxo-cuspidinas con fórmula general A4(M2O71)O2 (A=La, Nd, Sm, Gd; M=Ga, Al) como posibles materiales conductores de ion óxido. La preparación de estos materiales se ha llevado a cabo por el método cerámico (1673 K, 48h), a excepción de la series Nd4(Al2-xMxO7+x/21-x/2)O2 (M=Si, Ge, Ti) que se prepararon por el método de precursor liofilizado debido a la inestabilidad de estas fases a alta temperatura. El análisis de difracción de rayos-X del laboratorio de polvo y de neutrones ha permitido obtener una buena descripción estructural y localizar la posición del oxigeno extra en las composiciones con exceso de oxígeno. La caracterización eléctrica por espectroscopía de impedancia realizada a presiones parciales de oxígeno variables y el empleo de técnicas de caracterización de corriente continua, han confirmado que los materiales presentan conductividad exclusivamente iónica con números de transporte cercanos a 0.99.</subfield>
   </datafield>
   <datafield ind1="8" ind2=" " tag="024">
      <subfield code="a">9788497476102</subfield>
   </datafield>
   <datafield ind1="8" ind2=" " tag="024">
      <subfield code="a">http://hdl.handle.net/10630/4637</subfield>
   </datafield>
   <datafield tag="653" ind2=" " ind1=" ">
      <subfield code="a">Química del estado sólido - Tesis doctorales</subfield>
   </datafield>
   <datafield tag="653" ind2=" " ind1=" ">
      <subfield code="a">Estructura cristalina (Sólidos) - Tesis doctorales</subfield>
   </datafield>
   <datafield tag="653" ind2=" " ind1=" ">
      <subfield code="a">Electrolitos - Tesis doctorales</subfield>
   </datafield>
   <datafield ind2="0" ind1="0" tag="245">
      <subfield code="a">Cristaloquímica y Conductividad de ion óxido en Oxo-cuspidinas</subfield>
   </datafield>
</record>
</metadata></record></GetRecord></OAI-PMH>